<?xml version="1.0" encoding="UTF-8"?>
<record
    xmlns:xsi="http://www.w3.org/2001/XMLSchema-instance"
    xsi:schemaLocation="http://www.loc.gov/MARC21/slim http://www.loc.gov/standards/marcxml/schema/MARC21slim.xsd"
    xmlns="http://www.loc.gov/MARC21/slim">

  <leader>01006nam a2200289 a 4500</leader>
  <datafield tag="999" ind1=" " ind2=" ">
    <subfield code="c">23296</subfield>
    <subfield code="d">23296</subfield>
  </datafield>
  <controlfield tag="001">vtls009078272</controlfield>
  <controlfield tag="005">20220823091836.0</controlfield>
  <controlfield tag="008">180405s2005    xo                  slo d</controlfield>
  <datafield tag="020" ind1=" " ind2=" ">
    <subfield code="a">807360020X</subfield>
    <subfield code="q">(viaz.)</subfield>
    <subfield code="c">350.00</subfield>
  </datafield>
  <datafield tag="035" ind1=" " ind2=" ">
    <subfield code="a">PPPK72564</subfield>
  </datafield>
  <datafield tag="040" ind1=" " ind2=" ">
    <subfield code="a">PPPK</subfield>
    <subfield code="b">slo</subfield>
    <subfield code="c">PPPK</subfield>
  </datafield>
  <datafield tag="041" ind1="1" ind2=" ">
    <subfield code="a">slo</subfield>
    <subfield code="h">eng</subfield>
  </datafield>
  <datafield tag="044" ind1=" " ind2=" ">
    <subfield code="a">xo</subfield>
    <subfield code="c">SK</subfield>
  </datafield>
  <datafield tag="080" ind1=" " ind2=" ">
    <subfield code="a">94(100)"1939/1945"</subfield>
  </datafield>
  <datafield tag="080" ind1=" " ind2=" ">
    <subfield code="a">355.48(44)</subfield>
  </datafield>
  <datafield tag="100" ind1="1" ind2=" ">
    <subfield code="a">Fowler, Will</subfield>
    <subfield code="9">3286</subfield>
  </datafield>
  <datafield tag="245" ind1="1" ind2=" ">
    <subfield code="a">Oper&#xE1;cia Overlord</subfield>
    <subfield code="b">vylodenie v Normandii: prv&#xFD;ch 24 hod&#xED;n</subfield>
    <subfield code="c">Will Fowler ; [z anglick&#xE9;ho origin&#xE1;lu prel. Pavol Kr&#x161;&#xE1;k]</subfield>
  </datafield>
  <datafield tag="250" ind1=" " ind2=" ">
    <subfield code="a">1. dopl. a upr. vyd.</subfield>
  </datafield>
  <datafield tag="260" ind1=" " ind2=" ">
    <subfield code="a">Praha</subfield>
    <subfield code="b">Ottovo nakladatelstv&#xED;</subfield>
    <subfield code="c">2005</subfield>
  </datafield>
  <datafield tag="300" ind1=" " ind2=" ">
    <subfield code="a">193 s. viaz.</subfield>
  </datafield>
  <datafield tag="650" ind1="0" ind2="7">
    <subfield code="a">druh&#xE1; svetov&#xE1; vojna (1939-1945)</subfield>
    <subfield code="2">PPPK</subfield>
    <subfield code="9">1735</subfield>
  </datafield>
  <datafield tag="650" ind1="0" ind2="7">
    <subfield code="a">inv&#xE1;zia v Normandii (1944 : Franc&#xFA;zsko)</subfield>
    <subfield code="2">SNKPH</subfield>
    <subfield code="9">3287</subfield>
  </datafield>
  <datafield tag="655" ind1=" " ind2="7">
    <subfield code="a">monografie</subfield>
    <subfield code="2">PPPK</subfield>
    <subfield code="9">1661</subfield>
  </datafield>
  <datafield tag="700" ind1="1" ind2=" ">
    <subfield code="a">Churchill, Winston,</subfield>
    <subfield code="c">Sir,</subfield>
    <subfield code="d">1874-1965</subfield>
    <subfield code="4">aut</subfield>
    <subfield code="9">3288</subfield>
  </datafield>
  <datafield tag="700" ind1="1" ind2=" ">
    <subfield code="a">Kr&#x161;&#xE1;k, Pavol,</subfield>
    <subfield code="d">1932-1993</subfield>
    <subfield code="4">trl</subfield>
    <subfield code="9">3282</subfield>
  </datafield>
  <datafield tag="952" ind1=" " ind2=" ">
    <subfield code="0">0</subfield>
    <subfield code="1">0</subfield>
    <subfield code="2">udc</subfield>
    <subfield code="4">0</subfield>
    <subfield code="7">0</subfield>
    <subfield code="8">D</subfield>
    <subfield code="a">10000</subfield>
    <subfield code="b">10000</subfield>
    <subfield code="d">2022-08-23</subfield>
    <subfield code="i">21629</subfield>
    <subfield code="o">S1533</subfield>
    <subfield code="p">S1533</subfield>
    <subfield code="r">2022-08-23</subfield>
    <subfield code="w">2022-08-23</subfield>
    <subfield code="y">OLDO</subfield>
  </datafield>
</record>
